000
00282nam a22001217a 4500
005
20230719115222.0
008
230719b ||||| |||| 00| 0 eng d
040
_c
AL
041
_a
eng
100
_a
Patterson Lewis E
_9
127725
245
_a
counseling procedures
942
_2
ddc
_c
BK
999
_c
227987
_d
227987